00698nam a2200241 a 4500001001300000003000900013005001700022008004100039020002300080082001600103100001900119245002800138260002500166300001000191500003500201505002600236650001400262700001900276902000800295942000700303952012900310999001700439nice12345678IN_TiNIC20260116014857.0130214s2008 dela grp 000 0 eng  a9788184580556c13500a270.82bDAN aDaniel, Joseph aOne Family Under Heaven aDelhi bISPCK c2008 a123p  aincludes index and biblioraphy2 aSelected Bibliography aEcumenism1 aDaniel, Joseph bSRS cBK 001040708StackRoom-aHMIbHMId2013-02-14g135.00l1o270.82 DANp023872r2022-09-14s2022-09-06v135.00w2013-02-14yBK c17378d17378